000 00630nam a22001817a 4500
003 UA-OsUOA
001 14444
007 ta
008 20030918b un ||||| |||| 00| 0 ukr d
100 _aТубіна С.
942 _cSA
040 _aUA-OsUOA
_cUA-OsUOA
_dUA-OsUOA
245 _aМрії збуваються: [В с.Нова Любомирка Рівнен. р-ну відкрито новий навч. заклад - агротехн. ліцей]
300 _aС.1
955 _a0
773 0 _w0
_tВісті Рівненщини
_dРівне
_d2003
_g№72/3 верес./
650 7 _aКраєзнавча робота
_2UDC
999 _c300605
_d300605